| 000 | 00000nam##2200000za#4500 |
| 001 | 9.697867 |
| 003 | CaOODSP |
| 005 | 20210624235654 |
| 007 | cr ||||||||||| |
| 008 | 150407|1995||||xxc|||||o f|0| 0 eng|d |
| 040 | |aCaOODSP|beng |
| 043 | |an-cn--- |
| 086 | 1 |aR72-239/1995E-PDF |
| 110 | 1 |aCanada.|bIndian and Northern Affairs. |bNorthern Oil and Gas Directorate. |
| 245 | 10|aPetroleum exploration in northern Canada : |h[electronic resource]|ba guide to oil and gas exploration and potential / |ceditor: G. R. Morrell. |
| 260 | |aOttawa - Ontario : |bIndian and Northern Affairs. |c1995. |
| 300 | |a117p.|bfigs., tables |
| 500 | |a"Published to mark the re-opening of vast regions of the North to new exploration rights issuance, the first in 25 years in the mainland Northwest Territories.... This publication offers both a quick look at the majority of potential petroleum-bearing basins, and a more comprehensive summary of the petroleum geology, exploration history and gas potential of each basin."--Preface. |
| 500 | |aThe catalogue number (R72-239/1995E) and ISBN (0-662-23120-1) for the print edition have been incorrectly copied in the pdf edition. |
| 520 | 3 |aPublished to mark the re-opening of vast regions of the North to new exploration rights issuance, the first in 25 years in the mainland Northwest Territories.... This publication offers both a quick look at the majority of potential petroleum-bearing basins, and a more comprehensive summary of the petroleum geology, exploration history and gas potential of each basin.--Preface |
| 590 | |a13-12-Supp|b2013-05-10 |
| 690 | 07|aPetroleum|2gcpds |
| 690 | 07|aNatural gas|2gcpds |
| 775 | 08|tL'exploration pétrolière et gazière dans le nord du Canada : |w(CaOODSP)9.641869 |
| 776 | 0#|tPetroleum exploration in northern Canada : |w(CaOODSP)9.645845 |
| 856 | 40|ahttp://publications.gc.ca|qPDF|s6.63 MB|uhttps://publications.gc.ca/collections/collection_2013/aadnc-aandc/R72-239-1995-eng.pdf |
| 986 | |aQS-8504-000-EE-A1 |